Prot͡sessy demokratizat͡sii v Vostochnoĭ Evrope : materialy mezhdunarodnoĭ nauchnoĭ konferent͡sii, 2-8 ii͡uli͡a 1999 g., g. Ulan-Udė /

Saved in:
Bibliographic Details
Corporate Author: Institut mongolovedenii︠a︡, buddologii i tibetologii (Rossiĭskai︠a︡ akademii︠a︡ nauk. Sibirskoe otdelenie)
Other Authors: Osipov, Gennadiĭ Vasilʹevich.
Format: Book
Language:Russian
Published: Moskva : Akademii͡a sot͡sialʹnykh nauk, 2000.
Subjects:
Tags: Add Tag
No Tags, Be the first to tag this record!
LEADER 01074cam a22002774a 4500
001 012646972-5
005 20110603191252.0
008 021112s2000 ru b 100 0 ruso
010 |a  2003420856 
020 |a 5792500762 
035 0 |a ocm55535212 
040 |a DLC  |c DLC  |d DLC 
042 |a pcc 
043 |a ee----- 
050 0 0 |a JN96.A58  |b P78 2000 
245 0 0 |a Prot͡sessy demokratizat͡sii v Vostochnoĭ Evrope :  |b materialy mezhdunarodnoĭ nauchnoĭ konferent͡sii, 2-8 ii͡uli͡a 1999 g., g. Ulan-Udė /  |c [otvetstvennyĭ redaktor G.V. Osipov]. 
260 |a Moskva :  |b Akademii͡a sot͡sialʹnykh nauk,  |c 2000. 
300 |a 172 p. ;  |c 20 cm. 
504 |a Includes bibliographical references. 
651 0 |a Europe, Eastern  |x Politics and government  |y 1989-  |v Congresses. 
650 0 |a Democratization  |z Europe, Eastern  |v Congresses. 
710 2 |a Institut mongolovedenii︠a︡, buddologii i tibetologii (Rossiĭskai︠a︡ akademii︠a︡ nauk. Sibirskoe otdelenie) 
700 1 |a Osipov, Gennadiĭ Vasilʹevich. 
899 |a 415_565358 
988 |a 20101223 
906 |0 DLC